1373 1591 1824 1409 1369 1520 1655 1418 1168 1031 1483 1667 1464 1580 1856 1004 1327 1695 1380 1942 1975 1914 1676 1638 1624 1176 1072 1457 1596 1552 1555 1681 1153 1032 1481 1281 1436 1084 1526 1957 1390 1255 1977 1999 1750 1025 1107 1187 1083 1793 1193 1019 1268 1742 1825 1944 1832 1678 1912 1382 1226 1967 1114 1593 1373 1762 1460 1196 1885 1522 1637 1925 1664 1277 1278 1237 1066 1839 1357 1378 1818 1296 1921 1005 1429 1514 1993 1535 1041 1232 1471 1825 1673 1719 1095 1759 1237 1190 1547 BCNSPRNW ULIB Ver.6.0+V

เปลี่ยนเป็นภาษาไทย

Change to English
 แสดงรายละเอียดบรรณานุกรม
  กลับหน้าหลัก

Brief Record : Get Marc (ISO 2709) : E-mail record : QR code < ปิดหน้าต่าง
LEADER : 00000nam 2200000uu 4500
001    13399128545
003     ULIB
008    230906s2565||||th 000 0 tha d
020    ^a9786160455683
060    ^aWM171^bค989ภ
100    ^aไคลแมน แคเรน
245    ^aภาวะซึมเศร้าหลังคลอด/^cไคลแมน แคเรน
250    ^aพิมพ์ครั้งที่ 1
260    ^aกรุงเทพฯ :^bนานมีบุ๊คส์,^c2565
300    ^a416 หน้า;^b19 ซม.
650    ^aภาวะซึมเศร้า
650    ^aภาวะซึมเศร้าหลังคลอด
945    ^p385^l0^i29697
945    ^p385^l0^i29698
945    ^p385^l0^i29699
999    ^aกัณชพร จุลอักษร
รายการนี้ยังไม่มีแท็ก
คุณยังไม่ได้ล็อกอิน คุณสามารถมีกิจกรรมร่วมกับเว็บไซต์ได้ แต่ต้องล็อกอินก่อน ::
  ล็อกอิน

รายการสื่อสารสนเทศ

ลำดับที่ ประเภท เลขเรียก/บาร์โค้ด สถานที่ สถานะ
1. หนังสือสำรอง
หนังสือสำรอง
WM171 ค989ภ ฉ.1 
  Barcode: 29697
ห้องสมุดวิทยาเขตนครสวรรค์
►หนังสือทั่วไป:l:General Books
บนชั้น
2. วิทยาศาสตร์การแพทย์ และสุขภาพ
วิทยาศาสตร์การแพทย์ และสุขภาพ
WM171 ค989ภ ฉ.2 
  Barcode: 29698
ห้องสมุดวิทยาเขตนครสวรรค์
►หนังสือทั่วไป:l:General Books
บนชั้น
3. วิทยาศาสตร์การแพทย์ และสุขภาพ
วิทยาศาสตร์การแพทย์ และสุขภาพ
WM171 ค989ภ ฉ.3 
  Barcode: 29699
ห้องสมุดวิทยาเขตนครสวรรค์
►หนังสือทั่วไป:l:General Books
บนชั้น

รายการใกล้เคียง
    ผู้แต่ง [ไคลแมน แคเรน]

    หัวเรื่อง [ภาวะซึมเศร้า]
    หัวเรื่อง [ภาวะซึมเศร้าหลังคลอด]

BibComment


ยังไม่เคยถูกคอมเมนท์

คอมเมนท์ทรัพยากรรายการนี้
  คอมเมนท์: ภาวะซึมเศร้าหลัง..


 Copyright 2026. Bcnsprnw @Library